| 000 | 00607nam a2200253Ia 4500 | ||
|---|---|---|---|
| 008 | 181129s9999 xx 000 0 und d | ||
| 020 | _a9786218082038 | ||
| 050 | _a890 | ||
| 050 | _bP123 2017 | ||
| 100 | _aPadilla, | ||
| 245 | 0 | _a100 tula ni Bela / | |
| 245 | 0 | _cby Bela Padilla. | |
| 260 | _aPasig City, Philippines : | ||
| 260 | _bVRJ Books Publishing Inc., | ||
| 260 | _c2017 | ||
| 300 | _aunpaged : | ||
| 300 | _bcolor illustrations ; | ||
| 300 | _c15cm. | ||
| 650 | _aAnnecdotes. | ||
| 650 | _aInspiration. | ||
| 650 | _aPoetry. | ||
| 650 | _aTagalog poetry. | ||
| 700 | _aTitle. | ||
| 999 |
_c360188 _d360188 |
||